Pronunciation Games

التفاصيل البيبلوغرافية
المؤلف الرئيسي: Hancock M. Mark
الملخص:Исключено из фонда НТБ ТПУ
اللغة:الإنجليزية
منشور في: Cambridge, Cambridge University Press, 2006
سلاسل:Cambridge Copy Collection
التنسيق: MixedMaterials كتاب
KOHA link:https://koha.lib.tpu.ru/cgi-bin/koha/opac-detail.pl?biblionumber=134301

MARC

LEADER 00000nam0a2200000 4500
001 134301
005 20231031135631.0
010 |a 0521467357 
035 |a (RuTPU)RU\TPU\book\145565 
035 |a RU\TPU\book\138773 
090 |a 134301 
100 |a 20071225d2006 m y0engy50 ba 
101 0 |a eng 
102 |a GB 
105 |a a j 000zy 
200 1 |a Pronunciation Games  |f M. Hancock 
210 |a Cambridge  |c Cambridge University Press  |d 2006 
215 |a 108 p.  |c il. 
225 1 |a Cambridge Copy Collection 
333 |a Исключено из фонда НТБ ТПУ 
686 |a Ш143.21-923.1  |v LBC/SL-A  |2 rubbk 
700 1 |a Hancock  |b M.  |g Mark 
801 1 |a RU  |b 63413507  |c 20071225  |g PSBO 
801 2 |a RU  |b 63413507  |c 20230207  |g PSBO 
942 |c BK 
959 |a 96/20071224  |d 2  |e 1346,40  |f ЧЗИЛ:1  |f ЯЦ_Карьера:1